One Tree Hill - Episode Title Quiz - Statistics

General Stats
  • This quiz has been taken 6 times
  • The average score is 3 of 187
Answer Stats
Ep# Episode Title % Correct
1x01 Pilot
100%
9x13 One Tree Hill
33%
3x07 Champagne for My Real Friends, Real Pain for My Sham Friends
17%
1x04 Crash Into You
17%
9x11 Danny Boy
17%
1x14 I Shall Believe
17%
3x19 I Slept with Someone in Fall Out Boy, and All I Got Was This Stupid Song Written About Me
17%
2x05 I Will Dare
17%
2x03 Near Wild Heaven
17%
4x13 Pictures of You
17%
6x24 Remember Me as a Time of Day
17%
1x16 The First Cut is the Deepest
17%
1x09 With Arms Outstretched
17%
3x16 With Tired Eyes, Tired Minds, Tired Souls, We Slept
17%
7x01 4:30 AM (Apparently They Were Traveling Abroad)
0%
5x01 4 Years, 6 Months, 2 Days
0%
6x14 A Hand to Take Hold of the Scene
0%
6x21 A Kiss to Build a Dream On
0%
4x21 All of a Sudden I Miss Everyone
0%
1x05 All That You Can't Leave Behind
0%
4x07 All These Things That I've Done
0%
3x14 All Tomorrow's Parties
0%
7x22 Almost Everything I Wish I'd Said the Last Time I Saw You
0%
3x05 A Multitude of Casualties
0%
3x04 An Attempt to Tip the Scales
0%
9x12 Anyone Who Had a Heart
0%
1x03 Are You True?
0%
9x08 A Rush of Blood to the Head
0%
4x19 Ashes of Dreams You Let Die
0%
8x01 Asleep at Heaven's Gate
0%
7x17 At the Bottom of Everything
0%
7x04 Believe Me, I'm Lying
0%
2x12 Between Order and Randomness
0%
8x09 Between Raising Hell and Amazing Grace
0%
3x10 Brave New World
0%
6x04 Bridge Over Troubled Water
0%
4x04 Can't Stop This Thing We Started
0%
9x06 Catastrophe and the Cure
0%
6x06 Choosing My Own Way of Life
0%
1x12 Crash Course in Polite Conversations
0%
5x16 Cryin' Won't Help You Now
0%
8x11 Darkness on the Edge of Town
0%
7x06 Deep Ocean Vast Sea
0%
5x06 Don't Dream It's Over
0%
2x10 Don't Take Me for Granted
0%
7x15 Don't You Forget About Me
0%
9x04 Don't You Want to Share the Guilt
0%
5x13 Echoes, Silence, Patience and Grace
0%
6x10 Even Fairy Tale Characters Would Be Jealous
0%
9x09 Every Breath is a Bomb
0%
3x20 Every Day is a Sunday Evening
0%
1x06 Every Night is Another Story
0%
7x19 Every Picture Tells a Story
0%
4x11 Everything in Its Right Place
0%
7x14 Family Affair
0%
3x03 First Day on a Brand New Planet
0%
8x21 Flightless Bird, American Mouth
0%
6x23 Forever and Almost Always
0%
5x09 For Tonight You're Only Here to Know
0%
3x02 From the Edge of the Deep Green Sea
0%
6x03 Get Cape, Wear Cape, Fly
0%
4x03 Good News for People Who Love Bad News
0%
1x13 Hanging by a Moment
0%
9x10 Hardcore Will Never Die, But You Will
0%
5x17 Hate is Safer Than Love
0%
8x14 Holding Out for a Hero
0%
7x03 Hold My Hand as I'm Lowered
0%
3x09 How a Resurrection Really Feels
0%
1x19 How Can You Be Sure?
0%
5x12 Hundred
0%
7x07 I and Love and You
0%
8x02 I Can't See You, But I Know You're There
0%
5x05 I Forgot to Remember to Forget
0%
7x08 (I Just) Died in Your Arms Tonight
0%
4x05 I Love You But I've Chosen Darkness
0%
2x19 I'm Wide Awake, it's Morning
0%
5x07 In Da Club
0%
9x02 In the Room Where You Sleep
0%
4x17 It Gets the Worst at Night
0%
8x16 I Think I'm Gonna Like it Here
0%
5x04 It's Alright Ma (I'm Only Bleeding)
0%
3x12 I've Got Dreams to Remember
0%
6x20 I Would for You
0%
3x15 Just Watch the Fireworks
0%
9x01 Know This, We've Noticed
0%
9x07 Last Known Surroundings
0%
7x20 Learning to Fall
0%
2x07 Let the Reigns Go Loose
0%
6x19 Letting Go
0%
1x07 Life in a Glass House
0%
5x15 Life is Short
0%
2x20 Lifetime Piling Up
0%
3x01 Like You Like an Arsonist
0%
8x10 Lists, Plans
0%
3x06 Locked Hearts and Hand Grenades
0%
9x03 Love the Way You Lie
0%
8x07 Luck Be a Lady
0%
6x07 Messin' with the Kid
0%
8x08 Mouthful of Diamonds
0%
7x16 My Attendance is Bad But My Intentions Are Good
0%
5x03 My Way Home is Through You
0%
8x05 Nobody Taught Us How to Quit
0%
8x06 Not Afraid
0%
4x08 Nothing Left to Say But Goodbye
0%
7x09 Now You Lift Your Eyes to the Sun
0%
6x02 One Million Billionth of a Millisecond on a Sunday Morning
0%
6x08 Our Life Is Not a Movie or Maybe
0%
3x21 Over the Hills and Far Away
0%
5x08 Please, Please, Please Let Me Get What I Want
0%
4x15 Prom Night at Hater High
0%
8x18 Quiet Little Voices
0%
5x02 Racing Like a Pro
0%
4x12 Resolve
0%
3x11 Return of the Future
0%
5x10 Running to Stand Still
0%
4x14 Sad Songs for Dirty Lovers
0%
6x16 Screenwriter's Blues
0%
6x18 Searching for a Former Clarity
0%
6x22 Show Me How to Live
0%
7x12 Some Roads Lead Nowhere
0%
2x17 Something I Can Never Have
0%
2x16 Somewhere a Clock is Ticking
0%
4x09 Some You Give Away
0%
4x10 Songs to Love and Die By
0%
1x17 Spirit in the Night
0%
1x15 Suddenly Everything Has Changed
0%
6x09 Sympathy for the Devil
0%
4x20 The Birth and Death of the Day
0%
2x01 The Desperate Kingdom of Love
0%
8x12 The Drinks We Drank Last Night
0%
1x22 The Games That Play Us
0%
2x11 The Heart Brings You Back
0%
2x13 The Hero Dies in This One
0%
9x05 The Killing Moon
0%
7x18 The Last Day of Our Acquaintance
0%
2x23 The Leavers Dance
0%
1x21 The Leaving Song
0%
1x11 The Living Years
0%
2x18 The Lonesome Road
0%
8x20 The Man Who Sailed Around His Soul
0%
8x13 The Other Half of Me
0%
1x02 The Places You Have Come to Fear the Most
0%
2x14 The Quiet Things That No One Ever Knows
0%
4x18 The Runaway Found
0%
4x01 The Same Deep Water as You
0%
1x08 The Search for Something More
0%
3x22 The Show Must Go On
0%
8x17 The Smoker You Drink, the Player You Get
0%
8x03 The Space In Between
0%
2x22 The Tide that Left and Never Came Back
0%
2x09 The Trick is to Keep Breathing
0%
3x13 The Wind That Blew My Heart Away
0%
3x08 The Worst Day Since Yesterday
0%
6x13 Things a Mama Don't Know
0%
4x02 Things I Forgot at Birth
0%
8x22 This Is My House, This Is My Home
0%
6x01 Touch Me I'm Going to Scream, Part 1
0%
1x18 To Wish Impossible Things
0%
2x08 Truth, Bitter Truth
0%
2x02 Truth Doesn't Make a Noise
0%
2x15 Unopened Letter to the World
0%
8x15 Valentine's Day is Over
0%
8x04 We All Fall Down
0%
6x15 We Change, We Wait
0%
7x13 Weeks Go by Like Days
0%
2x06 We Might as Well Be Strangers
0%
6x11 We Three (My Echo, My Shadow, and Me)
0%
7x02 What Are You Willing to Lose
0%
5x18 What Comes After the Blues?
0%
2x21 What Could Have Been
0%
5x14 What Do You Go Home To?
0%
1x20 What is and What Should Never Be
0%
7x21 What's in the Ground Belongs to You
0%
3x18 When It Isn't Like It Should Be
0%
4x06 Where Did You Sleep Last Night?
0%
8x19 Where Not to Look for Freedom
0%
3x17 Who Will Survive, and What Will Be Left of Them?
0%
6x17 You and Me and the Bottle Makes Three Tonight
0%
7x10 You Are a Runner and I Am My Father's Son
0%
4x16 You Call It Madness, But I Call It Love
0%
2x04 You Can't Always Get What You Want
0%
1x10 You Gotta Go There to Come Back
0%
6x12 You Have To Be Joking (Autopsy of the Devil's Brain)
0%
7x11 You Know I Love You, Don't You?
0%
7x05 Your Cheatin' Heart
0%
5x11 You're Gonna Need Someone on Your Side
0%
6x05 You've Dug Your Own Grave, Now Lie in It
0%
No matching quizzes found
Score Distribution
Percent of People with Each Score
Percentile by Number Answered
Your Score History
You have not taken this quiz